Delta Destinations Out of SNA - Statistics

General Stats
  • This quiz has been taken 18 times
  • The average score is 15 of 16
Answer Stats
Hint Answer % Correct
6:45 Atlanta
100%
1:20 Atlanta
100%
9:30 Atlanta
100%
7:30 Seattle
100%
11:10 Seattle
100%
5:30 Seattle
100%
7:30 Seattle
100%
7:00 Salt Lake City
91%
10:20 Salt Lake City
91%
1:25 Salt Lake City
91%
5:10 Salt Lake City
91%
7:00 Salt Lake City
91%
11:40 Detroit
82%
8:35 Minneapolis
82%
12:25 Minneapolis
82%
2:30 Minneapolis
82%
No matching quizzes found
Score Distribution
Percent of People with Each Score
Percentile by Number Answered
Your Score History
You have not taken this quiz